000 00404nam a22001217a 4500
008 230717b xxu||||| |||| 00| 0 eng d
082 _a363.3
_bMWR
110 _bMinistry of Water Resources Management and Development
245 _aStrategy for Flood Management for Lake Victoria Basin,Kenya
260 _bMinistry of Water Resources Management and Development
_c2004
300 _a144p
942 _2ddc
_cBK
999 _c3972
_d3972